000 00551nam a2200229Ia 4500
008 210210b2017 xxu||||| |||| 00| 0 eng d
020 _a9789386105257
041 _aeng
082 _a574.5 SPIC
100 _aSPIRO (Thomas G)
245 _aChemistry of the environment Ed 3
250 _a
260 _aNew Delhi
_bViva Books Private Limited
_c2017
300 _axxii,615
650 _aenvironment
650 _aEd
650 _aChemistry
650 _a3
690 _aEcology
700 _aROBERTS (Kathleen purvis)
906 _a071855
999 _c121539
_d121539